| Tag |
First Indicator |
Second Indicator |
Subfields |
| LEADER |
00000cam a2200000Ia 4500 |
| 001 |
in00002781823 |
| 005 |
20150922114919.0 |
| 008 |
120803s2012 ko ac 000 0akor d |
| 020 |
|
|
|a 9788934958710
|
| 020 |
|
|
|a 8934958715
|
| 035 |
|
|
|a (OCoLC)ocn803690388
|
| 040 |
|
|
|a CSL
|c CSL
|d VA@
|d UtOrBLW
|
| 049 |
|
|
|a TXAM
|
| 090 |
|
|
|a DS923.284.A6
|b A3 2012
|
| 100 |
1 |
|
|6 880-01
|a An, Ch'ŏl-su,
|d 1962-
|
| 245 |
1 |
3 |
|6 880-02
|a An Ch'ŏl-su ŭi saenggak :
|b uri ka wŏnhanŭn Taehan Min'guk ŭi mirae chido /
|c An Ch'ŏl-su chiŭm ; Che Chŏng-im yŏkkŭm.
|
| 250 |
|
|
|6 880-03
|a 1-p'an.
|
| 264 |
|
1 |
|6 880-04
|a Kyŏnggi-do P'aju-si :
|b Kimyŏngsa,
|c 2012.
|
| 300 |
|
|
|a 275 pages :
|b illustrations, portraits ;
|c 21 cm.
|
| 336 |
|
|
|a text
|b txt
|2 rdacontent
|
| 337 |
|
|
|a unmediated
|b n
|2 rdamedia
|
| 338 |
|
|
|a volume
|b nc
|2 rdacarrier
|
| 600 |
1 |
0 |
|a An, Ch'ŏl-su,
|d 1962-
|x Political and social views.
|
| 650 |
|
0 |
|a College teachers
|z Korea (South)
|y 21st century
|v Biography.
|
| 650 |
|
0 |
|a Politicians
|z Korea (South)
|y 21st century.
|
| 651 |
|
0 |
|a Korea (South)
|x Politics and government
|y 2002-
|
| 880 |
1 |
|
|6 100-01
|a 안 철수,
|d 1962-
|
| 880 |
1 |
0 |
|6 245-02
|a 안 철수 의 생각 :
|b 우리 가 원하는 대한 민국 의 미래 지도 /
|c 안 철수 지음 ; 제 정임 엮음.
|
| 880 |
|
|
|6 250-03
|a 1판.
|
| 880 |
|
|
|6 264-04
|a 경기도 파주시 :
|b 김영사,
|c 2012.
|
| 948 |
|
|
|a cataloged
|b h
|c 2012/9/20
|d c
|e ceaton
|f 11:40:39 am
|
| 994 |
|
|
|a C0
|b TXA
|
| 999 |
|
|
|a MARS
|
| 999 |
f |
f |
|s feaa7c56-88eb-35d6-b355-704771c98419
|i 434a4eee-ae3a-3883-918e-31eca0032cd6
|t 0
|
| 952 |
f |
f |
|p ric
|a Texas A&M University
|b Rellis Campus
|c Joint Library Facility
|d Remote Storage
|t 0
|e DS923.284.A6 A3 2012
|h Library of Congress classification
|i unmediated -- volume
|m A14841524329
|
| 998 |
f |
f |
|a DS923.284.A6 A3 2012
|t 0
|l Remote Storage
|